00000000nam 2200000za 4500
0019.850998
003CaOODSP
00520221107154305
007cr |||||||||||
008180201s2006    qucao  #o    f000 0 eng d
040 |aCaOODSP|beng
043 |an-cn---
0861 |aR5-673/2006E-PDF
24504|aThe legend of Kiviuq as retold in the drawings of Nancy Pukirnak Aupaluktuq |h[electronic resource].
260 |aGatineau, Quebec : |bDepartment of Indian and Northern Affairs Canada, |c2006.
300 |axii, 50, [1] p. : |bill., photographs
500 |aIssued also in French under title: La légende de Kiviuq racontée par les dessins de Nancy Pukirnak Aupaluktuq.
500 |a"An exhibition by the Indian and Inuit Art Gallery, Department of Indian and Northern Affairs Canada, July 20 - November 30, 2006, Gatineau, Québec."
500 |aDigitized edition from print [produced by Indigenous and Northern Affairs Canada].
520 |a"Oral history is a deep-rooted tradition in the Inuit culture. Stories were told as a past-time, for enjoyment, or to break the silence of a long hunting trip. Some legends are creation stories- telling of how things came to be, and others, to instill values and morals while simultaneously discouraging bad behaviour"--Preface, p. vii.
69207|2gccst|aAboriginal culture
69207|2gccst|aDrawings
69207|2gccst|aInuit
7001 |aPukingrnak Aupaluktuq, Nancy, |d1940-
7101 |aCanada. |bIndian and Northern Affairs Canada.
77508|tLa légende de Kiviuq racontée par les dessins de Nancy Pukirnak Aupaluktuq |w(CaOODSP)9.853686
85640|qPDF|s46.25 MB|uhttps://publications.gc.ca/collections/collection_2018/aanc-inac/R5-673-2006-eng.pdf